000 00900nam a22003137a 4500
001 BR7312108
003 BR-BrBNA
005 20230928084244.0
007 ta
008 230509b bl.||||| |||| 00| 0 por d
040 _aBR-BrBNA
_bpor
_cBiblioteca Nacional de Agricultura
041 _a(Por)
072 _aF01; E16; J11
_b1160
_b1220
_b/G514
090 _ 1160 BR7312108
100 1 _aFreitas, J.P. de
100 1 _aCunha, L.G.C.
110 1 _aCompanhia de Desenvolvimento Economico do Ceara, Fortaleza (Brasil)
_92373
245 1 _aO cajueiro, aspectos gerais e economicos
260 3 _aFortaleza, CE (Brasil):
_c1964.
300 _a47 p.
500 _aBibliography p. 40-45 (75 ref.)
650 _aCAJU
650 _aCASTANHA DE CAJU
650 _aLEGISLACAO
650 _aECONOMIA DA PRODUCAO
650 _aARMAZENAMENTO
909 _a202309
_bLucia
_c55
_dLucia Elande
942 _cBK
999 _c17730
_d17730